| 000 | 00344 a2200109 4500 | ||
|---|---|---|---|
| 001 | ART_11555 | ||
| 005 | 20260410161858.0 | ||
| 008 | 260409a | ||
| 245 | 1 | 0 | _aOn the measurement of the degree of progression |
| 100 | 1 | _aJakobsson, Ulf | |
| 773 | 0 |
_tJournal of public economics _g- Vol. 5, NÂș 1/2 (ene./feb. 1976) _wREV11485 |
|
| 999 |
_c25636 _d25636 |
||